000 00494nam a22001697a 4500
008 140130b xxu||||| |||| 00| 0 eng d
020 _a1591942004
040 _cThe Mico University College
082 _a428.40711 LAN
100 _aLangan, John
245 _aTen Steps to Advancing College Reading Skills
_cJohn Langan
250 _a5th Edition
260 _aUnited States
_bTownsend Press
_c2010
300 _axii, 708 Pages
_bIllustration
650 _aCOLLEGE READERS
942 _2ddc
_cBK
999 _c10943
_d10683